Statystyki dla Najlepiej oceniane gry na Steam

Kliknij tutaj aby rozwiązać quiz!

Ogólne statystyki

  • Ten quiz został rozwiązany 60 razy
  • Średni wynik to 10 z 100

Statystyki odpowiedzi

#Tytuł gryMiesiąc premieryOcena% Poprawnych
14.Counter-Strikelis 20008,71
86%
30.The Witcher® 3: Wild Huntmaj 20158,66
47%
85.Half-Lifelis 19988,57
41%
9.Portalpaź 20078,76
35%
1.Portal 2kwi 20118,84
35%
19.Half-Life 2lis 20048,70
29%
8.Euro Truck Simulator 2paź 20128,77
27%
3.Terrariamaj 20118,82
27%
63.The Forestkwi 20188,60
27%
59.God of Warsty 20228,61
22%
11.Garry's Modlis 20068,74
20%
7.Left 4 Dead 2lis 20098,79
20%
92.Dying Lightsty 20158,56
18%
32.Resident Evil 4mar 20238,66
18%
51.Baldur's Gate 3sie 20238,62
16%
70.Counter-Strike: Sourcelis 20048,59
16%
15.Half-Life: Alyxmar 20208,71
16%
27.Phasmophobiawrz 20208,66
16%
35.Resident Evil 2sty 20198,65
16%
34.Subnauticasty 20188,66
16%
13.Bloons TD 6gru 20188,72
14%
64.Don't Starvekwi 20138,60
14%
57.Don't Starve Togetherkwi 20168,61
14%
78.Outlastpaź 20138,57
14%
58.American Truck Simulatorlut 20168,61
12%
16.Hollow Knightlut 20178,71
12%
97.Marvel's Spider-Man Remasteredsie 20228,55
12%
33.Straylip 20228,66
12%
12.The Binding of Isaac: Rebirthlis 20148,73
12%
25.Deep Rock Galacticmaj 20208,67
10%
52.Fallout: New Vegaspaź 20108,62
10%
46.Hotline Miamipaź 20128,63
10%
100.Sekiro™: Shadows Die Twice - GOTY Editionmar 20198,55
10%
67.Sid Meier's Civilization® Vwrz 20108,60
10%
2.Stardew Valleylut 20168,83
10%
65.The Walking Deadkwi 20128,60
10%
54.Factoriosie 20208,61
8%
6.Hadeswrz 20208,79
8%
31.Pizza Towersty 20238,66
8%
39.Satisfactorycze 20208,65
8%
23.ULTRAKILLwrz 20208,69
8%
42.Undertalewrz 20158,64
8%
5.Vampire Survivorspaź 20228,79
8%
24.BeamNG.drivemaj 20158,68
6%
38.Celestesty 20188,65
6%
62.Cupheadwrz 20178,60
6%
36.Dead Cellssie 20188,65
6%
21.Helltakermaj 20208,69
6%
18.Mount & Blade: Warbandmar 20108,70
6%
43.OneShotgru 20168,64
6%
68.Papers, Pleasesie 20138,59
6%
81.Persona 5 Royalpaź 20228,57
6%
10.RimWorldpaź 20188,74
6%
17.Slay the Spiresty 20198,71
6%
20.Slime Ranchersie 20178,69
6%
26.The Henry Stickmin Collectionsie 20208,67
6%
73.The Wolf Among Uspaź 20138,58
6%
61.Tomb Raidermar 20138,61
6%
99.Baba Is Youmar 20198,55
4%
83.Broforcepaź 20158,57
4%
82.Cookie Clickerwrz 20218,57
4%
77.DAVE THE DIVERcze 20238,58
4%
41.Dishonoredpaź 20128,64
4%
47.Doki Doki Literature Club!wrz 20178,62
4%
37.Dyson Sphere Programsty 20218,65
4%
40.HoloCure - Save The Fans!sie 20238,64
4%
55.Inscryptionpaź 20218,61
4%
72.Life is Strange - Episode 1sty 20158,58
4%
45.OMORIgru 20208,63
4%
66.Ori and the Will of the Wispsmar 20208,60
4%
4.People Playgroundlip 20198,80
4%
28.Plants vs. Zombies GOTY Editionmaj 20098,66
4%
48.South Park™: The Stick of Truth™mar 20148,62
4%
89.The Roomlip 20148,56
4%
22.Totally Accurate Battle Simulatorkwi 20218,69
4%
44.A Hat in Timepaź 20178,63
2%
49.A Short Hikelip 20198,62
2%
75.ATRI -My Dear Moments-cze 20208,58
2%
60.BattleBlock Theater®maj 20148,61
2%
56.Fireworklut 20218,61
2%
94.GRISgru 20188,55
2%
29.Katana ZEROkwi 20198,66
2%
90.Our Life: Beginnings & Alwayslis 20208,56
2%
95.Pineapple on pizzamar 20238,55
2%
88.POSTAL 2kwi 20038,57
2%
74.Rhythm Doctorlut 20218,58
2%
53.Risk of Rain 2sie 20208,62
2%
98.Teardownkwi 20228,55
2%
91.Castle Crashers®wrz 20128,56
0%
79.Divinity: Original Sin 2 - Definitive Editionwrz 20178,57
0%
93.Grimm's Hollowpaź 20198,55
0%
69.Oxygen Not Includedlip 20198,59
0%
71.Persona 4 Goldencze 20208,59
0%
76.PowerWash Simulatorlip 20228,58
0%
80.Ravenfieldmaj 20178,57
0%
50.Senren * Bankalut 20208,62
0%
84.STAR WARS™ Empire at War - Gold Packlut 20068,57
0%
96.There Is No Game: Wrong Dimensionsie 20208,55
0%
86.The Room 4: Old Sinslut 20218,57
0%
87.VA-11 Hall-A: Cyberpunk Bartender Actioncze 20168,57
0%

Rozkład punktacji

Percentyl według liczby udzielonych odpowiedzi

Procent ludzi z każdym wynikiem

Twoja historia wyników

Nie rozwiązałeś tego quizu